000 01516nam a2200337 c 4500
999 _c167472
_d167472
003 BLK
005 20220210142230.0
008 180411b bul|||||r ||||||| ||bul||
010 _aKNG00175280000
040 _aBLK
041 _aBUL
_cBUL
072 7 _2bullib
_aК
_xКраезнание
080 _aСелскостопански машини и инструменти. Селскостопанско машиностроене
_b631.3
_x(497.215)
_z631.3(497.215)
139 _aНаучноизследователски и проекто-конструкторски институт по селскостопанско машиностроене НИПКИССМ-Русе
_bН 32
245 1 0 _aНаучноизследователски и проекто-конструкторски институт по селскостопанско машиностроене НИПКИССМ-Русе
257 _aBGR
260 _cБ. г.
300 _a224 с.
_bс ил.
_c23 см
380 _a63
650 4 _aСелскостопански машини и оръдия - проектиране
_9277363
651 4 _aРусе
_9179462
653 _aселскостопански машини
653 _aнаучноизследователски институти
653 _aпроектиране
659 _aК
852 _aЦб 75027
852 _aК 63/Н 32
856 4 _qpdf
856 4 _qpdf
942 _cKNG
_n0
_s1
944 _aCR
_c15.05.2015
_kВаля_Йорданова
944 _aED
_c15.05.2015
_kВаля_Йорданова
999 _d167472